000 00682nam a2200289Ia 4500
005 20260324145137.0
008 008 260324s9999 xx 000 0 eng d
020 _a9781003476498
037 _aEBOOK
040 _aCRL
040 _beng
040 _cCRL
041 _2eng
041 _aeng
084 _qCRL
100 _aF F Ridley
_91221912
245 0 _aPolicies and Politics in Western Europe
245 4 _bThe Impact of the Recession
260 _bTaylor and Francis
260 _c1984
365 _a
365 _b140
856 _uhttp://www.taylorfrancis.com/books/9781003476498
942 _cEBOOK
999 _c1829413
_d1829413